Dizajn a informačná funkcia obalov spoločnosti Unilever Slovensko diplomová práca

Salvato in:
Dettagli Bibliografici
Autore principale: Ulrichová, Jana
Ente Autore: Obchodná fakulta EU. Katedra tovaroznalectva a kvality tovaru
Altri autori: Kačeňák, Igor
Natura: Libro
Lingua:slovacco
Pubblicazione: Bratislava 2009
Tags: Aggiungi Tag
Nessun Tag, puoi essere il primo ad aggiungerne!!

MARC

LEADER 00000nam$a2200000$$$4500
001 0097482
005 20240319125414.3
041 0 |a slo 
044 |a SK 
245 1 0 |a Dizajn a informačná funkcia obalov spoločnosti Unilever Slovensko  |b diplomová práca  |c Jana Ulrichová ; škol. Igor Kačeňák 
264 1 |a Bratislava  |c 2009 
300 |a 78 s. 
100 1 |a Ulrichová, Jana 
700 1 |a Kačeňák, Igor 
710 2 |a Obchodná fakulta EU. Katedra tovaroznalectva a kvality tovaru